MARC

LEADER 00000cam a2200000 7i4500
001 0000006442
005 20170514093000.0
008 021119n
090 0 0 |a G93   |b .F4 
100 0 |a Ferrand, Gabriel ,   |d 1864-1935 ,   |e author 
245 0 0 |a Etudes sur la geographie Arabs-Islamique   |c Gabriel Ferrand 
260 2 |a Frankfurt :   |b Institut fur Geschichteder Arabisch-Islamischen wissenschften an der Johann Wolfgang Goethe-Universitat ,   |c 1986 
300 |a 2 v. ; ;   |c 23 cm. 
440 0 0 |a Veroffentlichungen des Institutes fur Geschichte de Arabisch-Islamischen Wissenschaften 
504 |a Includes bibliographical references and index 
650 0 |a Geography, Arab 
700 0 |a Sezgin, Fuat ,   |d 1924- ,   |e author 
999 |a 1000026894   |b Book   |c Reference   |e Gong Badak Campus 
999 |a 1000026895   |b Book   |c Reference   |e Gong Badak Campus